000 00979nam a2200325 i 4500
999 _c528418
_d528418
001 3657145
003 NUST
005 20190912053030.0
008 760916s1976 enkaf b 001 0 eng
010 _a 76367830
015 _aGB***
020 _a0571048641 :
_c£6.95.
_a057104865X
038 _aMSOHAIL
040 _aDLC
_cDLC
_dDLC
043 _ae-uk---
050 0 0 _aTA15
_b.A7 1976
082 0 0 _a620.009
_bARM
100 1 _aArmytage, W. H. G.
_920205
245 1 2 _aA social history of engineering /
_cW. H. G. Armytage.
250 _a4th ed.
260 _aLondon :
_bFaber and Faber,
_c1976.
300 _a381 p., [16] leaves of plates :
_bill. ;
_c23 cm.
500 _aIncludes indexes.
504 _aBibliography: p. 337-355.
650 0 _aEngineering
_xHistory.
_920206
650 0 _aEngineering
_zGreat Britain
_xHistory.
_920207
650 0 _aTechnology and civilization.
_914664
906 _a7
_bcbc
_corignew
_du
_encip
_f19
_gy-gencatlg
942 _2ddc
_cBK